Электромеханическое преобразование энергии: пер. с англ.

מידע ביבליוגרפי
מחבר ראשי: Сили С. Сэмуэл
שפה:רוסית
יצא לאור: Москва, Энергия, 1968
נושאים:
פורמט: MixedMaterials ספר
KOHA link:https://koha.lib.tpu.ru/cgi-bin/koha/opac-detail.pl?biblionumber=80329

MARC

LEADER 00000nam0a2200000 4500
001 80329
005 20231031094547.0
035 |a (RuTPU)RU\TPU\book\86339 
090 |a 80329 
100 |a 20050905d1968 km y0rusy50 ca 
101 1 |a rus  |c eng 
102 |a RU 
105 |a a z 001zy 
200 1 |a Электромеханическое преобразование энергии  |e пер. с англ.  |f С. Сили 
210 |a Москва  |c Энергия  |d 1968 
215 |a 376 с.  |c ил. 
320 |a Библиогр.: с. 373. 
610 1 |a электротехника 
610 1 |a энергия 
610 1 |a преобразования 
610 1 |a преобразователи 
610 1 |a электромеханические преобразования 
610 1 |a трансформаторы 
675 |a 621.314.5  |v 3 
700 1 |a Сили  |b С.  |g Сэмуэл 
801 1 |a RU  |b 63413507  |c 20050905  |g PSBO 
801 2 |a RU  |b 63413507  |c 20220902  |g PSBO 
942 |c BK